Scuola Italiana Guiseppe Verdi di Copiapo: 1991-2016

Збережено в:
Бібліографічні деталі
Формат: Книга
Мова:Італійська мова
Іспанська
Опубліковано: Copiapó Scuola Italiana Giuseppe Verdi di Copiapo 2016
Редагування:1a. ed
Предмети:
Теги: Додати тег
Немає тегів, Будьте першим, хто поставить тег для цього запису!

MARC

LEADER 00000cam a2200000 a 4500
001 UCC3912
003 CL-VaPUC
008 180622e20160000cl |||||||||||||||||ita|d
041 0 7 |a ita  |2 CL-VaPUC 
041 0 7 |a spa  |2 CL-VaPUC 
082 0 4 |a 304.8831455  |b SCU  |2 21 
245 1 0 |a Scuola Italiana Guiseppe Verdi di Copiapo: 1991-2016 
250 |a 1a. ed 
300 |a 251 p 
942 |c BK 
945 |d 20180622 13:48:00  |a arojas 
260 |a Copiapó  |b Scuola Italiana Giuseppe Verdi di Copiapo  |c 2016 
500 |a Tributo al inmigrante italiano 
650 7 |a INMIGRACION ITALIANA  |2 CL-VaPUC  |9 541444 
650 0 |a Historia local  |9 266584 
650 7 |a INMIGRANTES ITALIANOS  |2 CL-VaPUC  |9 458578 
650 7 |a ESCUELA ITALIANA  |2 CL-VaPUC  |9 431194 
651 0 |a Copiapó  |9 314911 
583 |a last modification  |c 20180622 13:48:00  |k Rodrigo Vera 
999 |c 371559  |d 371557 
952 |0 0  |1 0  |3 erd  |4 0  |6 304_883145500000000_SCU_2016  |7 0  |8 A  |9 488579  |a BIBHIS  |b BIBHIS  |i 5476488  |o 304.8831455 SCU 2016  |p 5476488  |r 2025-01-20  |w 2019-11-24  |y BK  |z Catalogado en:20180622  |k HIS